000 01224cad a22002295a 4500
001 L145678
008 081030s2008 xxkd f s 000 0 eng d
035 _a(Sirsi) u145678
041 0 _aeng
050 0 4 _a346.4172 $2 18
110 2 _aRoyal Institution of Chartered Surveyors
_bEconomics
_95033
245 0 0 _aRICS Arts and antiques market survey
_bthird quarter 2008
_h[electronic resource]
260 _aLondon
_RICS
_c2008
490 0 _aRICS Arts and Antiques Market Survey
_vThird Quarter 2008
520 _aReports that sentiment in the Arts and Antiques market turned marginally negative in Q3, with 2% more surveyors reporting a fall in All Lot prices than a rise. However, there important differences between price tiers, with the top end of the market significantly outperforming the bottom end. Finds that the collapse in housing market activity is having a knock on effect on demand for art and antiques generally.
590 _aKA
650 2 4 _aRICS ARTS AND ANTIQUES MARKET SURVEY
651 4 _aUnited Kingdom
_y
690 _aArts and antiques
_96217
856 4 0 _uhttps://www.rics.org/RICSWEB/getpage.aspx?p=LITYb630aEmEzilUvDqsqg
_zView the market survey free of charge at www.rics.org...
942 _n0
999 _c108857
_d108857